Casas coloniales de Santo Domingo = Colonial houses of Santo Domingo / (Record no. 35501)
[ view plain ]
| 000 -CABECERA | |
|---|---|
| campo de control de longitud fija | 00857nam a2200205 a 4500 |
| 001 - NÚMERO DE CONTROL | |
| campo de control | 000036010 |
| 005 - FECHA Y HORA DE LA ÚLTIMA TRANSACCIÓN | |
| campo de control | 20200930074810.0 |
| 008 - DATOS DE LONGITUD FIJA--INFORMACIÓN GENERAL | |
| campo de control de longitud fija | 111122s1980 dr ac r 000 0 spa d |
| 040 ## - FUENTE DE LA CATALOGACIÓN | |
| Centro catalogador/agencia de origen | DO-SdBNP |
| Lengua de catalogación | spa |
| Centro/agencia transcriptor | BNPHU |
| 041 17 - CÓDIGO DE LENGUA | |
| Código de lengua del texto/banda sonora o título independiente | spa |
| Código de lengua original | eng |
| 082 ## - NÚMERO DE LA CLASIFICACIÓN DECIMAL DEWEY | |
| Número de clasificación | xxxx |
| Número de documento/Ítem | P438c |
| 100 1# - ENTRADA PRINCIPAL--NOMBRE DE PERSONA | |
| Nombre de persona | Pérez Montás, Eugenio |
| 9 (RLIN) | 13156 |
| 245 10 - MENCIÓN DE TÍTULO | |
| Título | Casas coloniales de Santo Domingo = Colonial houses of Santo Domingo / |
| Mención de responsabilidad, etc. | Eugenio Pérez Montás ; prólogo Rosa María Vicioso de Mayol ; fotografías, Onorio Montás ; dibujos, Francis Tezanos ... [et al.]. |
| 260 ## - PUBLICACIÓN, DISTRIBUCIÓN, ETC. | |
| Lugar de publicación, distribución, etc. | Santo Domingo : |
| Nombre del editor, distribuidor, etc. | Museo de las Casas Reales |
| -- | Voluntariado del Museo de las Casas Reales, |
| Fecha de publicación, distribución, etc. | 1980. |
| 300 ## - DESCRIPCIÓN FÍSICA | |
| Extensión | 275 p. : |
| Otras características físicas | ils. retr. |
| 700 1# - PUNTO DE ACCESO ADICIONAL--NOMBRE DE PERSONA | |
| Nombre de persona | Vicioso de Mayol, Rosa María, |
| Término indicativo de función/relación | pról. |
| 9 (RLIN) | 62048 |
| 700 1# - PUNTO DE ACCESO ADICIONAL--NOMBRE DE PERSONA | |
| Nombre de persona | Montás, Onorio |
| 9 (RLIN) | 59042 |
| 700 1# - PUNTO DE ACCESO ADICIONAL--NOMBRE DE PERSONA | |
| Nombre de persona | Tezanos, Francis |
| 9 (RLIN) | 62049 |
| 740 02 - PUNTO DE ACCESO ADICIONAL--TÍTULO RELACIONADO O ANALÍTICO NO CONTROLADO | |
| Título relacionado o analítico no controlado | Colonial houses of Santo Domingo |
| Estado de retiro | Estado de pérdida | Restricciones de uso | No para préstamo | Código de colección | Localización permanente | Ubicación/localización actual | Ubicación en estantería | Fecha de adquisición | Número de inventario | Total de préstamos | Signatura topográfica completa | Código de barras | Fecha visto por última vez | Número de copia | Precio válido a partir de | Tipo de ítem Koha | Nota pública |
|---|---|---|---|---|---|---|---|---|---|---|---|---|---|---|---|---|---|
| Dominicana de Servicio | General | General | Depósito | 14.06.2019 | LF1 | xxxx P438c | 36010-30 | 25.06.2020 | e.3 | 25.06.2020 | Libro y Folleto Colección Dominicana de Servicio | Perteneció a la biblioteca personal de Sonia Ginebra. | |||||
| Dominicana de Servicio | General | General | Depósito | 03.07.2019 | LF1 | xxxx P438c | 36010-40 | 25.06.2020 | e.4 | 25.06.2020 | Libro y Folleto Colección Dominicana de Servicio | Perteneció a la biblioteca personal de la Familia Reyes Duluc. | |||||
| Excluido de préstamo | Patrimonio Dominicano | Patrimonio Dominicano | Patrimonio Dominicano | Depósito | 22.11.2011 | LF1 | xxxx P438c | 36010-10 | 25.06.2020 | 25.06.2020 | Libro y Folleto Colección Patrimonio Dominicano | ||||||
| Excluido de préstamo | Patrimonio Dominicano | Patrimonio Dominicano | Patrimonio Dominicano | Depósito | 23.11.2011 | LF1 | xxxx P438c | 36010-20 | 25.06.2020 | e.2 | 25.06.2020 | Libro y Folleto Colección Patrimonio Dominicano |
